Antipoesía /

সংরক্ষণ করুন:
গ্রন্থ-পঞ্জীর বিবরন
প্রধান লেখক: Ruiz Alsina, Manuel, 1960- (Author)
অন্যান্য লেখক: Strimling, Jacobo (Illustrator)
বিন্যাস: বৈদ্যুতিক বৈদ্যুতিন গ্রন্থ
ভাষা:স্প্যানিশ
প্রকাশিত: México, D.F. : Editorial Resistencia, 2005.
সংস্করন:Primera edición.
মালা:Poesía (Grupo Resistencia).
বিষয়গুলি:
অনলাইন ব্যবহার করুন:Digitalia Hispánica
ট্যাগগুলো: ট্যাগ যুক্ত করুন
কোনো ট্যাগ নেই, প্রথমজন হিসাবে ট্যাগ করুন!

MARC

LEADER 00000nam a2200000Ii 4500
001 DIGEDRESIS005
003 NyNyDIG
008 141201s2005 mx a o 000 p spa d
006 m o d
007 cr |||||||||||
020 |a 9789685199183  |q ebook 
020 |z 9789685199186  |q pbk 
020 |z 9685199183  |q pbk 
040 |a DGITA  |b eng  |e rda  |e pn  |c DGITA 
050 1 4 |a PQ8098.428.U39 ebook 
100 1 |a Ruiz Alsina, Manuel,   |d 1960-  |e author. 
245 1 0 |a Antipoesía /  |c Manuel Ruiz Alsina ; [ilustraciones: Jacobo Strimling]. 
250 |a Primera edición. 
264 1 |a México, D.F. :  |b Editorial Resistencia,  |c 2005. 
300 |a 1 online resource (109 pages) :  |b illustrations. 
336 |a text  |b txt  |2 rdacontent 
337 |a computer  |b c  |2 rdamedia 
338 |a online resource  |b cr  |2 rdacarrier 
490 1 |a Poesía 
500 |a Poems. 
588 |a Description based on online resource; title from PDF title page (Digitalia, viewed November 15, 2014) 
655 0 |a Electronic books. 
700 1 |a Strimling, Jacobo,  |e illustrator. 
776 0 8 |i Print version:  |a Ruiz Alsina, Manuel.  |t Antipoesía.   |d México, D.F. : Editorial Resistencia, 2005.  |z 9789685199186. 
791 2 |a Digitalia (Firm),  |e distributor. 
793 0 |g Digitalia eBook Collection:  |a Editorial Resistencia. 
830 0 |a Poesía (Grupo Resistencia). 
856 4 0 |3 Digitalia Hispánica  |u https://digitalia.unach.elogim.com/a/18799/